Corporate finance : Core principles and applications

Wedi'i Gadw mewn:
Manylion Llyfryddiaeth
Fformat: Sách
Iaith:Undetermined
Cyhoeddwyd: Irwin/McGraw-Hill  2007
Pynciau:
Tagiau: Ychwanegu Tag
Dim Tagiau, Byddwch y cyntaf i dagio'r cofnod hwn!
Thư viện lưu trữ: Trung tâm Thư viện - Trường Đại học Công nghiệp TP. Hồ Chí Minh
LEADER 00423nam a2200133Ia 4500
001 UIH_08007
008 231011s9999 xx 000 0 und d
082 |a  332.06 
245 0 |a  Corporate finance : Core principles and applications 
260 |b Irwin/McGraw-Hill 
260 |c  2007 
650 |a  Tài chính;  
927 |a Sách 
980 |a Trung tâm Thư viện - Trường Đại học Công nghiệp TP. Hồ Chí Minh